Central Library OPAC University of Rajshahi

Peace and Security in Major Religions: (Record no. 75694)

MARC details
000 -LEADER
fixed length control field 01041ntm a2200301 a 4500
001 - CONTROL NUMBER
control field 75694
003 - CONTROL NUMBER IDENTIFIER
rucl marc code BD-RjUL
005 - DATE AND TIME OF LATEST TRANSACTION
control field 20211209082729.0
008 - FIXED-LENGTH DATA ELEMENTS--GENERAL INFORMATION
fixed length control field 190521s2016 bg a|||| bm|| 00| 0 eng d
035 ## - SYSTEM CONTROL NUMBER
System control number (BD-RjUL)75913
040 ## - CATALOGING SOURCE
Original cataloging agency BD-RjUL
Language of cataloging eng
Transcribing agency BD-RjUL
Modifying agency BD-RjUL
041 ## - LANGUAGE CODE
Language code of text/sound track or separate title eng
082 ## - DEWEY DECIMAL CLASSIFICATION NUMBER
Edition number 23
Classification number 200
Author mark and year AHP 2016
100 1# - MAIN ENTRY--PERSONAL NAME
Personal name Ahmad, Shah Mukhtar
9 (RLIN) 231794
245 10 - TITLE STATEMENT
Title Peace and Security in Major Religions:
Remainder of title A Holistic Approach /
Statement of responsibility, etc. by Shah Mukhtar Ahmad ;
Linkage Supervisor: F. M. A. H. Taqui
260 ## - PUBLICATION, DISTRIBUTION, ETC. (IMPRINT)
Place of publication, distribution, etc. Rajshahi :
Name of publisher, distributor, etc. Department of Islamic Studies, University of Rajshahi,
Date of publication, distribution, etc. 2016
300 ## - PHYSICAL DESCRIPTION
Pagination xiii, 217leaves ;
Size 29 cm.
502 ## - DISSERTATION NOTE
Dissertation note Thesis (Ph. D.) -- Department of Islamic Studies, University of Rajshahi, 2016
504 ## - BIBLIOGRAPHY, ETC. NOTE
Bibliography, etc Bibliography : leaves [198]-217
650 ## - SUBJECT ADDED ENTRY--TOPICAL TERM
Topical term or geographic name as entry element Religions
9 (RLIN) 231795
Topical term or geographic name as entry element Hinduism
9 (RLIN) 231796
Topical term or geographic name as entry element Buddhism
9 (RLIN) 231797
Topical term or geographic name as entry element Judaism
9 (RLIN) 231798
Topical term or geographic name as entry element Christianity
9 (RLIN) 231799
Topical term or geographic name as entry element Islam
9 (RLIN) 231800
700 ## - ADDED ENTRY--PERSONAL NAME
Personal name Taqui, F. M. A. H. , Supervisor
942 ## - ADDED ENTRY ELEMENTS (KOHA)
Source of classification or shelving scheme Dewey Decimal Classification
Koha item type Theses
Holdings
Lost status Source of classification or shelving scheme Damaged status Not for loan Collection code Permanent Location Current Location Shelving location Date acquired Source of acquisition Full call number Date last seen Copy number Koha item type
  Dewey Decimal Classification   Not For Loan Theses Central Library, University of Rajshahi Central Library, University of Rajshahi Documentation Section 02/01/2018 Controller of Examination Office, R. U. THE 200 AHP 2016 21/05/2019 C-1 Theses